000 01093nam a2200289 i 4500
001 67596
003 ES-MaACL
005 20250911222625.0
007 t|
008 040607s2003 sp a ||||0|dspa d
020 _a84-95845-20-2
080 _a929 Comellas Llinares, Francisco (047.53)
080 _a343.819.5(436.2 Mauthausen)(093.3)
100 1 _aSerrano i Blanquer, David.
_9105765
245 1 0 _aEspañoles en los campos nazis
_b: hablan los supervivientes /
_cDavid Serrano Blanquer ; prólogo de Eduardo Haro Tecglen.
250 _a1ª ed.
260 _aBarcelona :
_bLittera,
_c2003.
300 _a191 p. :
_bil. ;
_c22 cm.
490 1 _aEnsayo (Littera) ;
_v9
600 1 4 _aComellas Llinares, Francisco-
_vEntrevistas.
_939985
650 0 4 _aGuerra mundial, 1939-1945-
_xCampos de concentración.
_913235
651 4 _aMauthausen (Austria, Campo de concentración)-
_xHistoria-
_vRelatos personales.
_9155376
700 1 _aHaro Tecglen, Eduardo,
_d1924-2005
_961879
830 0 _aEnsayo (Littera) ;
_v9
_9230903
852 _aES-MaACL
_jL-27840
999 _c67596
_d67596